00391nam a2200121Ia 4500008004100000245003400041245003200075260000900107650001300116856004800129999001900177952007300196171211s9999 xx 000 0 und d aXero For Dummies, 3rd Edition cHeather Smith and Rod Drury c2017 xSOFTWARE uhttp://down.ebook777.com/063/0730334252.pdf c349306d349306 001040aCLbCLd2017-12-11l0r2017-12-11 00:00:00w2017-12-11yCBE